Language Quiz

Random Language or Spanish Quiz

Which Language? Quiz Stats

 Plays Quiz Updated Dec 3, 2016

Support Sporcle.
Go Orange.
Score 0/15 Timer 03:00
12 Plays Today
Question Answer Wrong Answers
France French
99.5%
German
0.2%
Arabic
0.2%
Occitan
0.2%
Italy Italian
98.9%
French
0.1%
English
0.3%
Spanish
0.2%
United States English
98.9%
Spanish
0.7%
French
0.1%
Chinese
0.1%
Brazil Portuguese
94.8%
Spanish
4.1%
French
0.2%
Dutch
0.3%
Turkey Turkish
91.1%
Kurmanji
0.4%
Arabic
7.4%
Zazaki
0.1%
Cameroon French
79.6%
English
7.8%
Arabic
7.4%
German
3.1%
Kyrgyzstan Kyrgyz
72.3%
Russian
20.9%
English
0.3%
Uzbek
5.3%
Iran Persian
67.5%
Azeri
1.1%
Arabic
29.1%
Turkmen
0.5%
Algeria Arabic
64.9%
Berber
7.6%
French
25.9%
Japanese
0.1%
Switzerland German
62.1%
French
26.5%
Italian
2.1%
Romansh
7.2%
Suriname Dutch
59.2%
English
8.3%
Spanish
13.6%
Portuguese
16.4%
Andorra Catalan
45%
Spanish
27.9%
French
19.6%
Portuguese
4.8%
Belgium Dutch
36.7%
French
48.7%
German
10.6%
English
1.1%
Vanuatu Bislama
22.6%
Portuguese
15.1%
Tokelauan
24.2%
Niuafo╩╗ou
34.6%
South Africa Zulu
13.2%
English
35.3%
Xhosa
3.5%
Afrikaans
44.9%

You're not logged in!

Compare scores with friends on all Sporcle quizzes.
OR
Log In

From the Vault

Red, White and Blue Flags

by davidr

Can't think of good colours for your flag? Use red, white and blue, like everyone else.
Remove Ads.
Support Sporcle.
Get the best of Sporcle when you Go Orange. This ad-free experience offers more features, more stats, and more fun while also helping to support Sporcle. Thank you for becoming a member.

Show Comments

Extras

Top Quizzes Today


Score Distribution

Your Account Isn't Verified!

In order to create a playlist on Sporcle, you need to verify the email address you used during registration. Go to your Sporcle Settings to finish the process.

Report this User

Report this user for behavior that violates our Community Guidelines.

Details: